[Event "Aarhus Chess House-B"]
[Site "Aarhus"]
[Date "2017.03.16"]
[Round "3"]
[White "Hansen, Thomas"]
[Black "Christensen, Asbjorn"]
[Result "1-0"]
[WhiteElo "1733"]
[BlackElo "1750"]
[PlyCount "67"]
[EventDate "2017.03.01"]
[EventType "swiss"]
[EventRounds "5"]
[EventCountry "DEN"]
[SourceTitle "EXT 2024"]
[Source "ChessBase"]
[SourceDate "2023.10.10"]
[SourceVersion "1"]
[SourceVersionDate "2023.10.10"]
[SourceQuality "1"]

1. d4 Nf6 2. c4 g6 3. Nc3 Bg7 4. e4 d6 5. Nf3 Bg4 6. h3 Bxf3 7. Qxf3 c6 8. Be2 Nbd7 9. Be3 0-0 10. 0-0 Rc8 11. b4 c5 12. bxc5 dxc5 13. Rab1 Ne8 14. Rfd1 e6 15. Rxb7 Rc7 16. Rb3 a6 17. Bf4 Rc6 18. dxc5 Qc8 19. Qg3 Rxc5 20. Na4 e5 21. Bg5 f6 22. Bd2 Rc6 23. Bb4 Rf7 24. c5 Kh8 25. h4 Qc7 26. h5 g5 27. Bc4 a5 28. Bxf7 Nxc5 29. Bxc5 Qxf7 30. Qh3 Qc7 31. h6 Bf8 32. Bxf8 Rc1 33. Bg7+ Kg8 34. Qe6+ 1-0

[Event "Regionalliga NW 0102"]
[Site "Bayern"]
[Date "2002.02.24"]
[Round "6.7"]
[White "Kaplanski, Michael"]
[Black "Hansen, Thomas"]
[Result "1-0"]
[WhiteElo "1970"]
[BlackElo "2070"]
[PlyCount "83"]
[EventDate "2001.10.07"]
[EventType "team-tourn"]
[EventRounds "9"]
[EventCountry "GER"]
[SourceTitle "EXT 2003"]
[Source "ChessBase"]
[SourceDate "2002.11.25"]
[SourceVersion "1"]
[SourceVersionDate "2002.11.25"]
[SourceQuality "1"]
[WhiteTeam "Hof"]
[BlackTeam "Sand"]
[WhiteTeamCountry "GER"]
[BlackTeamCountry "GER"]

1. e4 Nc6 2. d4 e5 3. d5 Nce7 4. c4 Ng6 5. Nf3 Bc5 6. Nc3 d6 7. Bg5 N8e7 8. Qd2 h6 9. Be3 Bxe3 10. Qxe3 f5 11. c5 0-0 12. 0-0-0 Rf6 13. h3 f4 14. Qd3 a6 15. Qc4 Kh7 16. Kb1 b6 17. c6 a5 18. Qb3 Ba6 19. Bxa6 Rxa6 20. Qb5 Ra8 21. a4 Rf8 22. Qe2 Nh8 23. Rdg1 g5 24. Nh2 Nhg6 25. g3 Rf7 26. Qh5 Ng8 27. Ng4 Qf8 28. h4 gxh4 29. gxh4 Nf6 30. Nxf6+ Rxf6 31. f3 Qf7 32. Rg2 Rg8 33. Rhg1 Ne7 34. Rxg8 Nxg8 35. Qg4 Ne7 36. h5 Ng8 37. Nb5 Ne7 38. Nxc7 Nf5 39. exf5 Rxf5 40. Qg6+ Qxg6 41. hxg6+ Kg7 42. Ne6+ 1-0

[Event "Regionalliga NW 0102"]
[Site "Bayern"]
[Date "2002.02.03"]
[Round "5.6"]
[White "Lengerer, Peter"]
[Black "Hansen, Thomas"]
[Result "1/2-1/2"]
[WhiteElo "1975"]
[BlackElo "2070"]
[PlyCount "55"]
[EventDate "2001.10.07"]
[EventType "team-tourn"]
[EventRounds "9"]
[EventCountry "GER"]
[SourceTitle "EXT 2003"]
[Source "ChessBase"]
[SourceDate "2002.11.25"]
[SourceVersion "1"]
[SourceVersionDate "2002.11.25"]
[SourceQuality "1"]
[WhiteTeam "Coburg"]
[BlackTeam "Sand"]
[WhiteTeamCountry "GER"]
[BlackTeamCountry "GER"]

1. Nf3 f5 2. d3 Nf6 3. Nc3 d5 4. Bf4 c6 5. e4 e6 6. exf5 exf5 7. Qe2+ Be7 8. Nd4 Kf7 9. Qf3 Qb6 10. Nb3 d4 11. Ne2 c5 12. Ng3 Be6 13. Bxb8 Raxb8 14. Nxf5 Qb4+ 15. Nd2 Qxb2 16. Rb1 Qxc2 17. Nxe7 Bg4 18. Qf4 Rhe8 19. f3 Rxe7+ 20. Kf2 Rbe8 21. fxg4 Re3 22. g5 Qxd2+ 23. Kg1 R8e7 24. gxf6 gxf6 25. Qf5 Re1 26. Qxh7+ Kf8 27. Qh8+ Kf7 28. Qh7+ 1/2-1/2

[Event "Regionalliga NW 0102"]
[Site "Bayern"]
[Date "2001.11.11"]
[Round "2.7"]
[White "Becker, Thomas4444"]
[Black "Hansen, Thomas"]
[Result "0-1"]
[WhiteElo "1830"]
[BlackElo "2070"]
[PlyCount "50"]
[EventDate "2001.10.07"]
[EventType "team-tourn"]
[EventRounds "9"]
[EventCountry "GER"]
[SourceTitle "EXT 2003"]
[Source "ChessBase"]
[SourceDate "2002.11.25"]
[SourceVersion "1"]
[SourceVersionDate "2002.11.25"]
[SourceQuality "1"]
[WhiteTeam "Obernau"]
[BlackTeam "Sand"]
[WhiteTeamCountry "GER"]
[BlackTeamCountry "GER"]

1. c4 b6 2. Nc3 Bb7 3. Nf3 e6 4. e3 Ne7 5. d4 g6 6. Be2 Bg7 7. 0-0 0-0 8. Qc2 d6 9. Rd1 Nd7 10. e4 h6 11. Be3 f5 12. exf5 Nxf5 13. Qd2 Nh4 14. Bxh6 Nxf3+ 15. Bxf3 Bxf3 16. gxf3 Rxf3 17. Bg5 Qf8 18. Ne4 Qf5 19. Ng3 Qh3 20. Qe2 Raf8 21. Be3 e5 22. d5 e4 23. Rab1 Ne5 24. Qf1 Rxg3+ 25. hxg3 Nf3# 0-1

[Event "Regionalliga NW 9900"]
[Site "Bayern"]
[Date "2000.??.??"]
[Round "9.4"]
[White "Hansen, Thomas"]
[Black "Trost, Hans Joachim"]
[Result "1-0"]
[WhiteElo "2035"]
[BlackElo "2040"]
[PlyCount "82"]
[EventDate "1999.??.??"]
[EventType "team-tourn"]
[EventRounds "9"]
[EventCountry "GER"]
[SourceTitle "EXT 2020"]
[Source "ChessBase"]
[SourceDate "2019.10.17"]
[SourceVersion "1"]
[SourceVersionDate "2019.10.17"]
[SourceQuality "1"]
[WhiteTeam "Sand"]
[BlackTeam "Klingenberg"]
[WhiteTeamCountry "GER"]
[BlackTeamCountry "GER"]

1. d4 d5 2. Nf3 Nf6 3. Bf4 e6 4. e3 Bd6 5. Bg3 0-0 6. Bd3 b6 7. c3 c5 8. Nbd2 Ba6 9. Bc2 Nc6 10. Ne5 Qc7 11. f4 Nd7 12. Ndf3 f6 13. Nxd7 Qxd7 14. h4 Qf7 15. h5 cxd4 16. exd4 Qc7 17. Qd2 Na5 18. Bb3 Rae8 19. Rh4 Bc4 20. Bc2 e5 21. fxe5 fxe5 22. 0-0-0 e4 23. Bxd6 Qxd6 24. Ne5 Bxa2 25. Rg4 Rf5 26. h6 g6 27. Rg5 Ref8 28. Rxf5 Rxf5 29. g4 Rf8 30. Qe2 Nc4 31. Bxe4 dxe4 32. Nxc4 Qf4+ 33. Nd2 e3 34. Nf1 Qe4 35. Nxe3 Re8 36. Kd2 b5 37. Re1 Bc4 38. Nxc4 Qf4+ 39. Ne3 Qxh6 40. Qxb5 Qf8 41. Qc4+ Kh8 1-0

[Event "Regionalliga NW 9899"]
[Site "Bayern"]
[Date "1999.??.??"]
[Round "8.7"]
[White "Federschmidt, Ralf"]
[Black "Hansen, Thomas"]
[Result "0-1"]
[WhiteElo "1825"]
[BlackElo "2030"]
[PlyCount "54"]
[EventDate "1998.??.??"]
[EventType "team-tourn"]
[EventRounds "9"]
[EventCountry "GER"]
[SourceTitle "EXT 2020"]
[Source "ChessBase"]
[SourceDate "2019.10.17"]
[SourceVersion "1"]
[SourceVersionDate "2019.10.17"]
[SourceQuality "1"]
[WhiteTeam "Bad Neustadt"]
[BlackTeam "Sand"]
[WhiteTeamCountry "GER"]
[BlackTeamCountry "GER"]

1. f4 g6 2. e4 Nf6 3. Nc3 d5 4. e5 Nh5 5. d4 Ng7 6. Nf3 h5 7. Bd3 Bg4 8. h3 Bf5 9. Be3 e6 10. Qd2 Be7 11. Bf2 Nd7 12. Ne2 c5 13. c3 Rc8 14. Ng3 Bxd3 15. Qxd3 cxd4 16. Nxd4 Nc5 17. Qb5+ Qd7 18. Qxd7+ Kxd7 19. Nb3 Nd3+ 20. Kf1 Nxb2 21. Bxa7 Rxc3 22. Ne2 Rc7 23. Rb1 Nc4 24. Kf2 b6 25. Bxb6 Nxb6 26. Nbd4 Na4 27. Rb4 Bxb4 0-1

[Event "Regionalliga NW 9899"]
[Site "Bayern"]
[Date "1999.??.??"]
[Round "4.8"]
[White "Hansen, Thomas"]
[Black "Elzinger, Wilfried"]
[Result "1-0"]
[WhiteElo "2030"]
[BlackElo "1980"]
[PlyCount "79"]
[EventDate "1998.??.??"]
[EventType "team-tourn"]
[EventRounds "9"]
[EventCountry "GER"]
[SourceTitle "EXT 2020"]
[Source "ChessBase"]
[SourceDate "2019.10.17"]
[SourceVersion "1"]
[SourceVersionDate "2019.10.17"]
[SourceQuality "1"]
[WhiteTeam "Sand"]
[BlackTeam "Coburg"]
[WhiteTeamCountry "GER"]
[BlackTeamCountry "GER"]

1. d4 d5 2. Nf3 Nf6 3. Bf4 Bf5 4. e3 e6 5. c4 c6 6. Qb3 Qb6 7. c5 Qxb3 8. axb3 Nbd7 9. Nbd2 Nh5 10. Nh4 Nxf4 11. exf4 Bg4 12. h3 Bh5 13. g4 Be7 14. Ndf3 Bg6 15. Nxg6 hxg6 16. b4 b5 17. Bd3 Bd8 18. Ke2 Bc7 19. Ke3 Ke7 20. Ra6 Nb8 21. Ra3 a6 22. Ne5 Ra7 23. Bc2 Rh6 24. h4 Bxe5 25. dxe5 f5 26. exf6+ gxf6 27. g5 Rh8 28. Bxg6 e5 29. fxe5 fxg5 30. h5 Nd7 31. f4 gxf4+ 32. Kxf4 Nf8 33. Rg1 Ne6+ 34. Kg4 Nd4 35. Rf1 Rf8 36. Rxf8 Kxf8 37. h6 Kg8 38. Kg5 Re7 39. Rxa6 Rxe5+ 40. Kf4 1-0

[Event "Regionalliga NW 9900"]
[Site "Bayern"]
[Date "1999.??.??"]
[Round "3.3"]
[White "Kraft, Wolfgang"]
[Black "Hansen, Thomas"]
[Result "1-0"]
[WhiteElo "2090"]
[BlackElo "2035"]
[PlyCount "50"]
[EventDate "1999.??.??"]
[EventType "team-tourn"]
[EventRounds "9"]
[EventCountry "GER"]
[SourceTitle "EXT 2001"]
[Source "ChessBase"]
[SourceDate "2000.11.22"]
[SourceVersion "1"]
[SourceVersionDate "2000.11.22"]
[SourceQuality "1"]
[WhiteTeam "Dettingen"]
[BlackTeam "Sand"]
[WhiteTeamCountry "GER"]
[BlackTeamCountry "GER"]

1. e4 g6 2. d4 Nf6 3. e5 Nh5 4. Be2 d6 5. Bxh5 gxh5 6. Qxh5 dxe5 7. Qxe5 Rg8 8. Ne2 Nd7 9. Qb5 c6 10. Qd3 Rxg2 11. Nbc3 e5 12. Be3 Qh4 13. 0-0-0 exd4 14. Bxd4 Nc5 15. Bxc5 Bxc5 16. Ne4 Be7 17. N2g3 Qf4+ 18. Kb1 Be6 19. Qd4 Qh6 20. Qh8+ Qf8 21. Qxh7 Rd8 22. Qh5 Qg7 23. Rxd8+ Kxd8 24. Qa5+ Kc8 25. Qxa7 Bd5 1-0

[Event "Regionalliga NW 9697"]
[Site "Bayern"]
[Date "1996.??.??"]
[Round "?"]
[White "Hansen, Thomas"]
[Black "Trost, Hans Joachim"]
[Result "0-1"]
[WhiteElo "2060"]
[BlackElo "2000"]
[PlyCount "78"]
[EventDate "1996.10.??"]
[EventType "team-tourn"]
[EventRounds "9"]
[EventCountry "GER"]
[SourceTitle "EXT 1999"]
[Source "ChessBase"]
[SourceDate "1998.11.16"]
[SourceVersion "1"]
[SourceVersionDate "1998.11.16"]
[SourceQuality "1"]
[WhiteTeam "Sand"]
[BlackTeam "Klingenberg"]
[WhiteTeamCountry "GER"]
[BlackTeamCountry "GER"]

1. e4 e6 2. d4 d5 3. e5 c5 4. c3 Nc6 5. Nf3 cxd4 6. cxd4 Qb6 7. Bd3 Bd7 8. 0-0 Nxd4 9. Ng5 Be7 10. h4 Bxg5 11. hxg5 Nc6 12. Re1 Nge7 13. Nc3 Ng6 14. Na4 Qd4 15. Be3 Qxe5 16. Nc5 Qc7 17. Rc1 0-0 18. Qh5 e5 19. f3 f5 20. gxf6 Rxf6 21. Bg5 Rd6 22. Kf2 e4 23. fxe4 Rf8+ 24. Kg1 Nf4 25. Bxf4 Rxf4 26. exd5 Rh6 27. Re8+ Bxe8 28. Qxe8+ Rf8 29. Bxh7+ Kxh7 30. Qxf8 Qh2+ 31. Kf2 Rf6+ 32. Qxf6 gxf6 33. dxc6 Qf4+ 34. Ke2 Qxc1 35. cxb7 Qxb2+ 36. Kd1 Qb1+ 37. Kd2 Qxa2+ 38. Kc3 Qa5+ 39. Kc4 Qb6 0-1

[Event "Regionalliga NW 9495"]
[Site "Bayern"]
[Date "1995.??.??"]
[Round "?.3"]
[White "Hansen, Thomas"]
[Black "Scheidt, Karlheinz"]
[Result "0-1"]
[WhiteElo "2095"]
[BlackElo "1895"]
[PlyCount "88"]
[EventDate "1994.10.??"]
[EventType "team-tourn"]
[EventRounds "9"]
[EventCountry "GER"]
[SourceTitle "EXT 1999"]
[Source "ChessBase"]
[SourceDate "1998.11.16"]
[SourceVersion "1"]
[SourceVersionDate "1998.11.16"]
[SourceQuality "1"]
[WhiteTeam "Sand"]
[BlackTeam "Burgsinn"]
[WhiteTeamCountry "GER"]
[BlackTeamCountry "GER"]

1. d4 g6 2. Nf3 Bg7 3. Bf4 d6 4. h3 Nd7 5. e3 e5 6. Bh2 Qe7 7. Be2 Ngf6 8. 0-0 0-0 9. a4 a5 10. Na3 Ne4 11. c3 Kh8 12. Nc4 f5 13. Qb3 f4 14. exf4 exf4 15. Bd3 Ng5 16. Ncd2 Nxf3+ 17. Nxf3 Nb6 18. Rfe1 Qf6 19. Bc4 Bf5 20. Be6 Rae8 21. d5 Bd3 22. Qd1 Bc4 23. b3 Qxc3 24. bxc4 Qxa1 25. Qxa1 Bxa1 26. Rxa1 Re7 27. Rb1 Nxa4 28. Rxb7 Nc5 29. Ra7 a4 30. Nd4 Ree8 31. g3 Ra8 32. Rxc7 a3 33. gxf4 a2 34. Nc2 Rfb8 35. Rxc5 Rb2 36. Na1 Rb1+ 37. Kg2 Rxa1 38. f5 Rg1+ 39. Bxg1 dxc5 40. Bh2 a1Q 41. Bd6 Qd4 42. f4 Ra2+ 43. Kg3 Ra3+ 44. Kh4 Qf6+ 0-1